| Tag |
First Indicator |
Second Indicator |
Subfields |
| LEADER |
00000cam a2200000Ia 4500 |
| 001 |
in00002814021 |
| 006 |
m o d |
| 007 |
cr cn||||||||| |
| 008 |
120207s2012 enk ob 001 0 eng d |
| 005 |
20250816210512.4 |
| 010 |
|
|
|z 2012003061
|
| 020 |
|
|
|z 9781441123732
|
| 020 |
|
|
|z 9781441113726 (hardcover : alk. paper)
|
| 020 |
|
|
|z 144111372X (hardcover : alk. paper)
|
| 020 |
|
|
|z 9781441163295 (pbk. : alk. paper)
|
| 020 |
|
|
|z 1441163298 (pbk. : alk. paper)
|
| 035 |
|
|
|a (CaPaEBR)ebr10634336
|
| 040 |
|
|
|a CaPaEBR
|c CaPaEBR
|d UtOrBLW
|
| 050 |
1 |
4 |
|a LB14.7
|b .J367 2012eb
|
| 100 |
1 |
|
|a Jardine, David William,
|d 1950-
|
| 245 |
1 |
0 |
|a Pedagogy left in peace :
|b cultivating free spaces in teaching and learning /
|c David W. Jardine.
|
| 264 |
|
1 |
|a London ;
|a New York :
|b Continuum,
|c [2012]
|
| 264 |
|
4 |
|c ©2012
|
| 300 |
|
|
|a 1 online resource (vi, 260 pages)
|
| 336 |
|
|
|a text
|b txt
|2 rdacontent
|
| 337 |
|
|
|a computer
|b c
|2 rdamedia
|
| 338 |
|
|
|a online resource
|b cr
|2 rdacarrier
|
| 504 |
|
|
|a Includes bibliographical references (pages [231]-245) and index.
|
| 500 |
|
|
|a Electronic resource.
|
| 650 |
|
0 |
|a Education
|x Philosophy.
|
| 650 |
|
0 |
|a Education
|x Aims and objectives.
|
| 650 |
|
0 |
|a Ontology.
|
| 655 |
|
7 |
|a Electronic books.
|2 local
|
| 710 |
2 |
|
|a ebrary, Inc.
|
| 856 |
4 |
0 |
|u https://ebookcentral.proquest.com/lib/tamucs/detail.action?docID=1099539
|y Connect to the full text of this electronic book
|t 0
|
| 980 |
|
|
|a 130305
|b 100
|c USD
|e 150
|f YBP_EBR0000055056
|g 1
|
| 999 |
f |
f |
|s 36f9793e-7387-3f17-8646-44303d4de829
|i 8279a4e5-d1ff-30b5-8a7d-e21a751b7b5e
|t 0
|
| 999 |
|
|
|a MARS
|
| 952 |
f |
f |
|a Texas A&M University
|b College Station
|c Electronic Resources
|d Available Online
|t 0
|e LB14.7 .J367 2012eb
|h Library of Congress classification
|
| 998 |
f |
f |
|a LB14.7 .J367 2012eb
|t 0
|l Available Online
|